A festa da Santa Cruz no concelho de Reguengos de Monzaraz (Record no. 44745)

MARC details
000 -Etiqueta do registo
Valores 00734nam a2200217 4500
010 ## - Número ISBN
ISBN 9789895663903
021 ## - Número do Depósito Legal
Número 521072/23
100 ## - Dados gerais de processamento
Dados gerais 20240809d2023 m y0pory50030103ba
101 0# - Língua de publicação
Língua por
102 ## - País de publicação
País PT
200 1# - Titulo e menção de responsabilidade
Título próprio A festa da Santa Cruz no concelho de Reguengos de Monzaraz
Informação de outro título (memórias de uma tradicão religiosa popular)
Primeira menção de responsabilidade Lina Santos Mendonça
210 #9 - Publicação
Local de publicação Lisboa
Nome do editor Edições Colibri,
Data de publicação 2023
215 ## - Descrição física 
Paginação / Volumes 147, [2] p.
Outras indicações físicas il.
Dimensões 23 cm
675 ## - CDU
Notação 394.2(469.512)
Edição BN
Língua por
675 ## - CDU
Notação 272-562(469.512)
Edição BN
Língua por
700 #1 - Autor principal
Apelido Mendon—ca,
Nome Lina Santos
801 #0 - Fonte de origem
País PT
Agência BN
Regras de catalogação RPC
856 41 - Localização e acesso electrónico 
URL <a href="http://rnod.bnportugal.gov.pt/ImagesBN/winlibimg.aspx?skey=&doc=2176345&img=196974&save=true">http://rnod.bnportugal.gov.pt/ImagesBN/winlibimg.aspx?skey=&doc=2176345&img=196974&save=true</a>
990 ## - Elementos KOHA
Tipo de documento Livro
Holdings
Aquisição Empréstimo Código de barras Cota Permissão de empréstimo Tipo de documento Nota relativa ao exemplar
Biblioteca Municipal de Redondo Biblioteca Municipal de Redondo 054799 394.2(469) MEN Consulta presencial Livro obraa oferecida pela Faculdade de Letras da Universidade de Lisboa

Powered by Koha